LEADER 01028nam1 22002891i 450 001 RML0245109 005 20231121125708.0 100 $a20121121f ||||0itac50 ba 101 | $agrc 102 $ade 181 1$6z01$ai $bxxxe 182 1$6z01$an 200 1 $aClaudii Ptolomaei Opera quae exstant omnia 210 $aLipsiae $cin aedibus B. G. Teubneri 215 $av.$d20 cm 225 | $aBibliotheca scriptorum Graecorum et Romanorum Teubneriana 410 0$1001CFI0069176$12001 $aBibliotheca scriptorum Graecorum et Romanorum Teubneriana 463 1$1001RML0245110$12001 $a˜3.2.: œPeri kriteriou kai hegemonikou$eDe iudicandi facultate et animi principatu$aed. Fr. Lammert 517 1 $aOpera quae exstant omnia$9RML0335705 606 $aClaudio Tolomeo$2FIR$3RMLC378428$9I 700 1$aPtolomaeus$b, Claudius$3RMLV158565$0743721 801 3$aIT$bIT-01$c20121121 912 $aRML0245109 967 $m1 977 $a 52 996 $aClaudii Ptolomaei Opera quae exstant omnia$93621335 997 $aUNICAS LEADER 01965nas 2200565-a 450 001 996321397203316 005 20240413014524.0 011 $a2070-0245 035 $a(DE-599)ZDB2495327-1 035 $a(CKB)1000000000745983 035 $a(CONSER)--2010328417 035 $a(EXLCZ)991000000000745983 100 $a20100616a20099999 --- - 101 0 $aeng 181 $ctxt$2rdacontent 182 $cc$2rdamedia 183 $acr$2rdacarrier 200 00$aJournal of scientific research 210 $aRajshahi, Bangladesh $cFaculty of Science, Rajshahi University$d2009- 215 $a1 online resource 300 $aRefereed/Peer-reviewed 300 $aTitle from cover. 311 08$aPrint version: Journal of scientific research. 2070-0237 (DLC) 2010328417 (OCoLC)641944399 327 $aSection A. Physical and mathematical scienes -- Section B. Chemical and biological sciences. 517 1 $aJSR 531 00$aJ. sc. res. 606 $aResearch$zBangladesh$vPeriodicals 606 $aMathematics$xResearch$zBangladesh$vPeriodicals 606 $aChemistry$xResearch$zBangladesh$vPeriodicals 606 $aBiology$xResearch$zBangladesh$vPeriodicals 606 $aBiology$xResearch$2fast$3(OCoLC)fst00832448 606 $aChemistry$xResearch$2fast$3(OCoLC)fst00853409 606 $aMathematics$xResearch$2fast$3(OCoLC)fst01012225 606 $aResearch$2fast$3(OCoLC)fst01095153 607 $aBangladesh$2fast 608 $aPeriodicals.$2fast 615 0$aResearch 615 0$aMathematics$xResearch 615 0$aChemistry$xResearch 615 0$aBiology$xResearch 615 7$aBiology$xResearch. 615 7$aChemistry$xResearch. 615 7$aMathematics$xResearch. 615 7$aResearch. 712 02$aRajshahi University.$bFaculty of Science. 906 $aJOURNAL 912 $a996321397203316 920 $aexl_impl conversion 996 $aJournal of scientific research$92006368 997 $aUNISA